| 000 | 00675nam a2200193 i 4500 | ||
|---|---|---|---|
| 001 | 111844 | ||
| 003 | ES-MaACL | ||
| 005 | 20240125164729.0 | ||
| 007 | t| | ||
| 008 | 061121s1915 sp |||| | spa d | ||
| 100 | 1 |
_aNatorp, Paul. _984999 |
|
| 245 | 1 | 0 |
_aEm. Kant y la Escuela filosófica de Marburgo / _cPaul Natorp ; traducción del alemán y notas por J.V. Viqueira. |
| 260 |
_aMadrid : _bLibrería de Francisco Beltrán, _c[1915] |
||
| 300 |
_a67 p. ; _c18 cm. |
||
| 600 | 1 | 4 |
_aKant, Immanuel, _d1724-1804- _xCrítica e interpretación _967497 |
| 700 | 1 |
_aViqueira, J. V. ( _d1886-1924) _9115424 |
|
| 852 |
_aES-MaACL _jT-1445-F-4 |
||
| 999 |
_c111844 _d111844 |
||